00825nam a2200229 a 45000010005000000030010000050050017000150080041000320200018000730400025000910800022001161000043001382450158001812500011003392600031003503000024003815040036004056500043004416500029004846500038005137000044005511084BR-CuiBMT20231215231039.0231128s2001 mtba 001 0 por d a9788590834205 aBR-CuiBMTcBR-CuiBMT 22007a94x(817.2)10aFerreira, João Carlos Vicented1954-10aCidades de Mato Grosso : borigem e significado de seus nomes /cJoão Carlos Vicente Ferreira , Pe. José de Moura e Silva ; desenhos, Moacyr Freitas. a3. ed. aCuiabá :bBuriti,c2001. a168 p.:bil.c21 cm ainclui bibliografia e índice. aMunicípiosxHistória zMato Grosso aTopônimoszMato Grosso aNomes geográficoszMato Grosso  aSilva, José de Moura e,cPadred1928-